Science Quiz

Random Science or Animal Quiz

Sea Creatures Close-Up Quiz Stats

 Plays Quiz Updated Jan 30, 2019

Support Sporcle.
Go Orange.
Score 0/16 Timer 05:00
3 Plays Today
Hint Answer % Correct
Great white shark
97.8%
Clownfish
96.5%
Sea turtle
96.2%
Starfish
95.8%
Bottlenose dolphin
95.7%
Orca
94.2%
Octopus
93.2%
Jellyfish
92.4%
Hint Answer % Correct
Pufferfish
86%
Coral
82.9%
Moray eel
76.9%
Sea urchin
75.5%
Anglerfish
66.4%
Sea anemone
64.4%
Blue tang
55.1%
Manta ray
45.9%

You're not logged in!

Compare scores with friends on all Sporcle quizzes.
OR
Log In
Forgot?

From the Vault

Author Marries Character

by MSUKent

Technically we're not sure if it's legal to marry a fictional character.
Remove Ads.
Support Sporcle.
Get the best of Sporcle when you Go Orange. This ad-free experience offers more features, more stats, and more fun while also helping to support Sporcle. Thank you for becoming a member.

Show Comments

Extras

Top Quizzes Today


Score Distribution

Your Account Isn't Verified!

In order to create a playlist on Sporcle, you need to verify the email address you used during registration. Go to your Sporcle Settings to finish the process.

Report this User

Report this user for behavior that violates our Community Guidelines.

Details: